Everyman's english pronouncing dictionary: containing 58.000 words in international phonetic transcription
Uloženo v:
| Hlavní autor: | |
|---|---|
| Médium: | Kniha |
| Jazyk: | angličtina |
| Vydáno: |
Londres
J. M. Dent
1956
|
| Vydání: | 11a. ed |
| Témata: | |
| Tagy: |
Přidat tag
Žádné tagy, Buďte první, kdo vytvoří štítek k tomuto záznamu!
|
MARC
| LEADER | 00000nam a2200000 a 4500 | ||
|---|---|---|---|
| 001 | UCM4397 | ||
| 003 | CL-VaPUC | ||
| 008 | 020823e19560000UK |||||||||||||||||eng|d | ||
| 082 | 0 | 4 | |a 421.52 |b JON |2 21 |
| 100 | |a Jones, Daniel |e author |9 562747 | ||
| 245 | 1 | 0 | |a Everyman's english pronouncing dictionary: containing 58.000 words in international phonetic transcription |
| 250 | |a 11a. ed | ||
| 300 | |a 538 p | ||
| 942 | |c BK | ||
| 945 | |d 20020823 00:00:00 |a vberengu | ||
| 260 | |a Londres |b J. M. Dent |c 1956 | ||
| 650 | 0 | |a Diccionarios |9 256200 | |
| 650 | 0 | |a Fonología |9 341074 | |
| 650 | 0 | |a Fonética |9 308371 | |
| 650 | 0 | |a Inglés |9 260023 | |
| 583 | |a last modification |c 20020823 00:00:00 |k Rodrigo Vera | ||
| 999 | |c 301117 |d 301115 | ||